| 000 | 00375nam a2200133Ia 4500 | ||
|---|---|---|---|
| 005 | 20260326235452.0 | ||
| 008 | 260326s9999||||xx |||||||||||||| ||und|| | ||
| 100 | _aProskouriakoff, Tatiana | ||
| 245 | 0 |
_aÁlbum de Arquitectura Maya / _cTatiana Proskouriakoff |
|
| 260 | _bFondo de Cultura Económica | ||
| 300 | _a108 p. | ||
| 650 | _aARQUITECTURA MESOAMÉRICANA | ||
| 942 | _cBK | ||
| 999 |
_c7819 _d7819 |
||